Closing the innovation gap : (Record no. 19864)

MARC details
000 -LEADER
fixed length control field 00997nam a2200265 a 4500
005 - DATE AND TIME OF LATEST TRANSACTION
control field 20081003115716.0
008 - FIXED-LENGTH DATA ELEMENTS--GENERAL INFORMATION
fixed length control field 080314s2009 nyua b 001 0 eng
010 ## - LCCN (DPL NO)
LC control number ENG-92194
020 ## - INTERNATIONAL STANDARD BOOK NUMBER
International Standard Book Number 9780070139503
Terms of availability 595.00
020 ## - INTERNATIONAL STANDARD BOOK NUMBER
International Standard Book Number 0070139504
Terms of availability 595.00
035 ## - SYSTEM CONTROL NUMBER
System control number EN-75727
037 ## - SOURCE OF ACQUISITION
Source of stock number/acquisition DBAD / PUB
040 ## - CATALOGING SOURCE
Original cataloging agency dpl
Language of cataloging English
082 ## - DEWEY DECIMAL CLASSIFICATION NUMBER
Classification number 658.4063
100 ## - MAIN ENTRY--PERSONAL NAME
Personal name Estrin, Judy.
245 ## - TITLE STATEMENT
Title Closing the innovation gap :
Remainder of title reigniting the spark of creativity in a global economy /
Statement of responsibility, etc by Judy Estrin.
260 ## - PUBLICATION, DISTRIBUTION, ETC. (IMPRINT)
Place of publication, distribution, etc New Delhi
Name of publisher, distributor, etc Tata McGraw-Hill Publishing
Date of publication, distribution, etc 2009.
300 ## - PHYSICAL DESCRIPTION
Extent xiii, 254 p. :
Other physical details ill. ;
Dimensions 24 cm (Hb)
500 ## - GENERAL NOTE
General note Includes index.
650 ## - SUBJECT ADDED ENTRY--TOPICAL TERM
Topical term or geographic name as entry element Technological innovations
General subdivision Management.
650 ## - SUBJECT ADDED ENTRY--TOPICAL TERM
Topical term or geographic name as entry element New products.
650 ## - SUBJECT ADDED ENTRY--TOPICAL TERM
Topical term or geographic name as entry element Entrepreneurship.
942 ## - ADDED ENTRY ELEMENTS (KOHA)
Source of classification or shelving scheme Dewey Decimal Classification
Item type English Books
Classification part 658.4063
Call number suffix EST
Holdings
Withdrawn status Lost status Source of classification or shelving scheme Damaged status Not for loan Collection code Home library Current library Date acquired Source of acquisition Cost, normal purchase price Total Checkouts Full call number Barcode Date last seen Copy number Cost, replacement price Koha item type
    Dewey Decimal Classification   Not For Loan Non-fiction D.B.Act.Division D.B.Act.Division 15/12/2008 DBAD / PUB 595.00   658.4063 EST EN-75727 15/12/2008 1 595.00 English Books

© Delhi Public Library
Hit Counter
free hit counter